000 00899cam a22002654a 4500
001 12195934
005 20180313085222.0
008 001005s2001 nyu be 001 0 eng
010 _a 00051024
020 _a019514273X
040 _aDLC
_cDLC
_dDLC
_dDLC
041 _aeng
042 _apcc
043 _an-us---
080 _a320.47303 PAT
082 0 0 _a320.47303 PAT
_221
100 1 _a20
101 _aPOL
245 1 4 _aThe Oxford guide to the United States government /
_cJohn J. Patrick, Richard M. Pious, Donald A. Ritchie.
504 _aIncludes bibliographical references (p. 769-776) and index.
530 _aAvailable also online via the Internet.
906 _a7
_bcbc
_corignew
_d1
_eocip
_f20
_gy-gencatlg
942 _2ddc
_cBK
999 _c44906
_d44906